000 004550000a22001930004500
001 003679
003 MACL
005 20151205165901.0
008 151205b xxu||||| |||| 00| 0 eng d
040 _aMACL
_cMACL
041 _aEnglish
082 _a742
100 _aShukla, Subir
_919418
245 _aThe Boy Who Loved Colour
_cSubir Shukla
260 _aTulika,
_c2004
350 _a120
650 _aChildren's Book
_919419
942 _k742
_cBK
_2ddc
999 _c15576
_d15576